| 000 | 00565nam a2200205Ia 4500 | ||
|---|---|---|---|
| 003 | LK-CoDNM | ||
| 005 | 20240227142803.0 | ||
| 008 | 010623t1942 xxu||||| |||| 00| 1 sin d | ||
| 040 |
_aLK-CoDNM _dLK-CoDNM _eLK-CoDNM |
||
| 041 | _asin | ||
| 080 | _a104 V11a | ||
| 100 | _aAppuhami,Periyapperuma.D.D | ||
| 245 | _aශිරෝමණි පඤ්චාංග ලිත | ||
| 246 | _aShiromani Panchaanga Litha1864 | ||
| 260 |
_bSaviya Press _aColombo _c1942 _c1943 |
||
| 300 |
_bDamaged _a57p.,22 cm |
||
| 650 | _aAlmanac | ||
| 650 | _aAstrology | ||
| 942 | _cBK | ||
| 999 |
_c100232 _d100232 |
||